Toward a financially sustainable irrigation system : (Record no. 3573)
[ view plain ]
| 000 -LEADER | |
|---|---|
| fixed length control field | 00640cam a2200181 a 4500 |
| 020 ## - INTERNATIONAL STANDARD BOOK NUMBER | |
| International Standard Book Number | 082134286X (pbk.) |
| 082 00 - DEWEY DECIMAL CLASSIFICATION NUMBER | |
| Classification number | 333.91/3/09945 |
| 100 1# - MAIN ENTRY--PERSONAL NAME | |
| Personal name | Langford, K. J. |
| 245 10 - TITLE STATEMENT | |
| Title | Toward a financially sustainable irrigation system : |
| 260 ## - PUBLICATION, DISTRIBUTION, ETC. | |
| Place of publication, distribution, etc. | Washington, D.C. : |
| Name of publisher, distributor, etc. | World Bank, |
| Date of publication, distribution, etc. | c1999. |
| 300 ## - PHYSICAL DESCRIPTION | |
| Extent | x, 95 p. : |
| Other physical details | ill., maps ; |
| 650 #0 - SUBJECT ADDED ENTRY--TOPICAL TERM | |
| Topical term or geographic name entry element | Irrigation |
| 650 #0 - SUBJECT ADDED ENTRY--TOPICAL TERM | |
| Topical term or geographic name entry element | Water resources development |
| 700 1# - ADDED ENTRY--PERSONAL NAME | |
| Personal name | Forster, Christine L., |
| 700 1# - ADDED ENTRY--PERSONAL NAME | |
| Personal name | Malcolm, Duncan M., |
| 942 ## - ADDED ENTRY ELEMENTS (KOHA) | |
| Koha item type | Book |
| Withdrawn status | Lost status | Damaged status | Not for loan | Collection code | Permanent Location | Current Location | Shelving location | Date acquired | Total Checkouts | Full call number | Barcode | Date last seen | Price effective from | Koha item type |
|---|---|---|---|---|---|---|---|---|---|---|---|---|---|---|
| Central Library (CL) | Central Library (CL) | General Stacks | 08/05/2016 | 333.91/3/09945 LAN | S3H-N-1014 | 08/05/2016 | 08/05/2016 | Book |
